| 000 | 00358nam a2200145Ia 4500 | ||
|---|---|---|---|
| 008 | 230312s9999||||xx |||||||||||||| ||und|| | ||
| 020 | _a0-7645-9727-2 | ||
| 082 |
_a381.177 _bWIK-T |
||
| 100 | _aUnhelkar;Bhuvan | ||
| 245 | 0 | _aPractical Object Oriented Desighn | |
| 260 |
_bWiley _aUSA _c2005 |
||
| 300 | _a217 | ||
| 650 |
_aComputer _vComputer |
||
| 942 | _cBK | ||
| 999 |
_c15431 _d15431 |
||